Лики земли

التفاصيل البيبلوغرافية
المؤلف الرئيسي: Проскурин П. Л. Петр Лукич
اللغة:الروسية
منشور في: Москва, Современник, 1990
سلاسل:О времени и о себе
الموضوعات:
التنسيق: MixedMaterials كتاب
KOHA link:https://koha.lib.tpu.ru/cgi-bin/koha/opac-detail.pl?biblionumber=147858

MARC

LEADER 00000nam0a2200000 4500
001 147858
005 20231101221325.0
010 |a 5270009382 
035 |a (RuTPU)RU\TPU\book\160271 
090 |a 147858 
100 |a 20081121d1990 m y0rusy50 ca 
101 0 |a rus 
102 |a RU 
105 |a c z 000ay 
200 1 |a Лики земли  |f П. Л. Проскурин 
210 |a Москва  |c Современник  |d 1990 
215 |a 494 с.  |c портр. 
225 1 |a О времени и о себе 
610 1 |a советская литература 
610 1 |a статьи 
610 1 |a очерки 
675 |a Р2  |v 3 
700 1 |a Проскурин  |b П. Л.  |c русский писатель  |c Герой Социалистического Труда (1988)  |f 1928-2001  |g Петр Лукич  |2 stltpush  |3 (RuTPU)RU\TPU\pers\36121  |9 19228 
801 1 |a RU  |b 63413507  |c 20081121  |g PSBO 
801 2 |a RU  |b 63413507  |c 20171211  |g RCR 
942 |c BK